Lyrics: Little Things - One Direction - Statistics

General Stats
  • This quiz has been taken 205 times
    204 since last reset
  • The average score is 273 of 323
Answer Stats
Answer % Correct
you
100%
You
100%
I
98%
i
98%
Your
98%
your
98%
a
97%
little
96%
love
96%
the
96%
The
96%
things
95%
to
95%
And
94%
in
94%
it
93%
me
93%
of
92%
all
91%
be
91%
with
91%
for
90%
it's
89%
like
88%
my
88%
out
87%
But
86%
but
86%
I'm
86%
these
86%
maybe
85%
Maybe
85%
sleep
85%
just
84%
let
84%
tea
84%
that
84%
go
83%
never
82%
on
82%
bed
81%
cup
81%
do
81%
if
81%
If
81%
know
81%
makes
81%
mine
81%
reason
81%
sense
81%
talk
81%
that's
81%
when
81%
without
81%
can't
80%
Oh
80%
oh
80%
up
80%
fits
79%
hands
79%
made
79%
they
78%
this
78%
was
78%
won't
78%
much
77%
mouth
76%
keep
75%
meant
75%
slip
75%
yourself
75%
loved
74%
want
74%
perfect
73%
no
72%
those
72%
conversations
71%
how
71%
mind
71%
secrets
71%
voice
71%
jeans
70%
add
69%
cheeks
69%
true
69%
tape
68%
as
67%
here
67%
back
66%
into
66%
you've
65%
You've
65%
are
64%
bottom
64%
freckles
64%
sound
64%
squeeze
64%
them
64%
You'll
64%
you'll
64%
at
63%
darling
62%
or
62%
smile
62%
weight
61%
by
60%
endlessly
60%
eyes
60%
still
60%
have
59%
right
59%
treat
59%
dimples
57%
I'll
57%
half
55%
joining
55%
spine
54%
bear
53%
stomach
53%
thighs
49%
crinckles
48%
dots
47%
I've
47%
Though
45%
'Cause
43%
No matching quizzes found
Score Distribution
Percent of People with Each Score
Percentile by Number Answered
Your Score History
You have not taken this quiz since the last reset